| 000 | 00583nam a2200241Ia 4500 | ||
|---|---|---|---|
| 008 | 160803s9999 xx 000 0 und d | ||
| 020 | _a9780590108515 | ||
| 100 | _aDorris, Michael | ||
| 245 | _aSees behind trees / | ||
| 245 | _cMichael Dorris. | ||
| 260 | _aNew York : | ||
| 260 | _bScholastic Inc. | ||
| 260 | _c1996 | ||
| 300 | _a104 pages ; | ||
| 300 | _c20 cm. | ||
| 650 | _aBlind -- | ||
| 650 | _aIndians of North America -- | ||
| 650 | _aPeople with disabilities -- | ||
| 650 | _xFiction. | ||
| 650 | _xFiction. | ||
| 650 | _xFiction. | ||
| 700 | _a840 | ||
| 999 |
_c298780 _d298780 |
||